Tuyển thơ Hainrich Hainơ
保存先:
| 第一著者: | |
|---|---|
| フォーマット: | 図書 |
| 言語: | Undetermined |
| 出版事項: |
Hà Nội
Văn học
1998
|
| 主題: | |
| タグ: |
タグ追加
タグなし, このレコードへの初めてのタグを付けませんか!
|
| Thư viện lưu trữ: | Trung tâm Học liệu Trường Đại học Cần Thơ |
|---|
| LEADER | 00479nam a2200169Ia 4500 | ||
|---|---|---|---|
| 001 | CTU_28763 | ||
| 008 | 210402s9999 xx 000 0 und d | ||
| 082 | |a 831 | ||
| 082 | |b H152 | ||
| 100 | |a Hainrich Hainơ | ||
| 245 | 0 | |a Tuyển thơ Hainrich Hainơ | |
| 245 | 0 | |c Hainrich Hainơ; Dịch giả: Quang Chiến | |
| 260 | |a Hà Nội | ||
| 260 | |b Văn học | ||
| 260 | |c 1998 | ||
| 650 | |a german poetry | ||
| 980 | |a Trung tâm Học liệu Trường Đại học Cần Thơ | ||